Սփյուռքահայ կուսակցությունները ժամանակակից էտապում = (Record no. 104763)
[ view plain ]
| 000 -LEADER | |
|---|---|
| fixed length control field | 01672nam a2200301 a 4500 |
| 001 - CONTROL NUMBER | |
| control field | 000285935 |
| 003 - CONTROL NUMBER IDENTIFIER | |
| control field | AM-YeHGA |
| 005 - DATE AND TIME OF LATEST TRANSACTION | |
| control field | 20260320111517.0 |
| 008 - FIXED-LENGTH DATA ELEMENTS--GENERAL INFORMATION | |
| fixed length control field | 031120s1964 ai ||||gr|||||||||0|arm|d |
| 040 ## - CATALOGING SOURCE | |
| Original cataloging agency | AM-YeHGA |
| 041 0# - LANGUAGE CODE | |
| Language code of text/sound track or separate title | arm |
| 100 1# - MAIN ENTRY--PERSONAL NAME | |
| Personal name | Խուրշուդյան, Լենդրուշ Արշակի, |
| Dates associated with a name | 1927-1999 |
| 9 (RLIN) | 1238 |
| 245 10 - TITLE STATEMENT | |
| Title | Սփյուռքահայ կուսակցությունները ժամանակակից էտապում = |
| Remainder of title | Армянские зарубежные партии на современном этапе : [Մենագրություն] / |
| Statement of responsibility, etc. | Լ.Ա. Խուրշուդյան; Խմբ.՝ Վ.Ա. Միքայելյան; ՀՍՍՌ ԳԱ, Պատմ. ին-տ. |
| 246 31 - VARYING FORM OF TITLE | |
| Title proper/short title | Армянские зарубежные партии на современном этапе |
| 260 ## - PUBLICATION, DISTRIBUTION, ETC. | |
| Place of publication, distribution, etc. | Երևան : |
| Name of publisher, distributor, etc. | ՀՍՍՌ ԳԱ հրատ., |
| Date of publication, distribution, etc. | 1964. |
| 300 ## - PHYSICAL DESCRIPTION | |
| Extent | 470 էջ ; |
| Dimensions | 22 սմ. |
| 500 ## - GENERAL NOTE | |
| General note | Անձնանունների և տեղանունների ցանկեր՝ էջ 461-468 |
| 504 ## - BIBLIOGRAPHY, ETC. NOTE | |
| Bibliography, etc. note | Օգտագործված աղբյուրների ցանկ, էջ՝ 451-459 |
| 520 0# - SUMMARY, ETC. | |
| Summary, etc. | Ամփոփումը ռուս. և անգլ. լեզուներով, էջ՝ 436-450 |
| 650 14 - SUBJECT ADDED ENTRY--TOPICAL TERM | |
| Topical term or geographic name entry element | Քաղաքականություն |
| 650 14 - SUBJECT ADDED ENTRY--TOPICAL TERM | |
| Topical term or geographic name entry element | Կուսակցություններ |
| 653 0# - INDEX TERM--UNCONTROLLED | |
| Uncontrolled term | Հայ հեղափոխական դաշնակցություն |
| 653 0# - INDEX TERM--UNCONTROLLED | |
| Uncontrolled term | Ռամկավար ազատական կուսակցություն |
| 653 0# - INDEX TERM--UNCONTROLLED | |
| Uncontrolled term | Հնչակյան կուսակցություն |
| 710 2# - ADDED ENTRY--CORPORATE NAME | |
| Corporate name or jurisdiction name as entry element | Պատմության ինստիտուտ ՀՍՍՌ ԳԱ |
| 856 41 - ELECTRONIC LOCATION AND ACCESS | |
| Uniform Resource Identifier | <a href="https://arar.sci.am/dlibra/publication/460874/edition/427823/content">https://arar.sci.am/dlibra/publication/460874/edition/427823/content</a> |
| Link text | Կարդալ առցանց |
| 942 ## - ADDED ENTRY ELEMENTS (KOHA) | |
| Source of classification or shelving scheme | Universal Decimal Classification |
| Koha item type | Գրքեր / Books |
| Withdrawn status | Lost status | Damaged status | Not for loan | Collection | Home library | Current library | Date acquired | Total checkouts | Full call number | Barcode | Date last seen | Price effective from | Koha item type | Public note | Source of classification or shelving scheme |
|---|---|---|---|---|---|---|---|---|---|---|---|---|---|---|---|
| General | Fundamental Scientific Library | Fundamental Scientific Library | 22/12/2016 | AII/36499 | 220036499 | 22/12/2016 | 22/12/2016 | Գրքեր / Books | 30 Days Loan | ||||||
| General | Fundamental Scientific Library | Fundamental Scientific Library | 22/12/2016 | AII/36500 | 220036500 | 22/12/2016 | 22/12/2016 | Գրքեր / Books | 30 Days Loan | ||||||
| General | Fundamental Scientific Library | Fundamental Scientific Library | 22/12/2016 | AII/36501 | 220036501 | 22/12/2016 | 22/12/2016 | Գրքեր / Books | 30 Days Loan | ||||||
| General | Fundamental Scientific Library | Fundamental Scientific Library | 22/12/2016 | AII/36502 | 220036502 | 22/12/2016 | 22/12/2016 | Գրքեր / Books | 30 Days Loan | ||||||
| General | Fundamental Scientific Library | Fundamental Scientific Library | 22/12/2016 | AII/36503 | 220036503 | 22/12/2016 | 22/12/2016 | Գրքեր / Books | 30 Days Loan | ||||||
| Hovhannisian Individual Collection | Fundamental Scientific Library | Fundamental Scientific Library | 26/07/2018 | Հովհ/2524 | FL0508323 | 26/07/2018 | 26/07/2018 | Գրքեր / Books | ILL Non-Circ. | Universal Decimal Classification |
ՀՀ Գիտությունների ազգային ակադեմիայի հիմնարար գիտական գրադարան = Fundamental Scientific Library of NAS RA
All site content, except where otherwise noted, is licensed under a